Online Catalogue and eLibrary

Women's studies international : (Record no. 60)

MARC details
000 -LEADER
fixed length control field 00687pam a2200217 a 4500
001 - CONTROL NUMBER
control field 4363294
005 - DATE AND TIME OF LATEST TRANSACTION
control field 20231123010720.0
008 - FIXED-LENGTH DATA ELEMENTS--GENERAL INFORMATION
fixed length control field 900910s1991 nyu br 000 0 eng
020 ## - INTERNATIONAL STANDARD BOOK NUMBER
ISBN 1558610316 (alk. paper) :
020 ## - INTERNATIONAL STANDARD BOOK NUMBER
ISBN 1558610324 (pbk. : alk. paper) :
040 ## - CATALOGING SOURCE (பட்டியலாக்க மூலம்)
Original cataloging agency DLC
Transcribing agency DLC
Modifying agency DLC
082 00 - DDC Classification
Class No. 305.4/07
DDC Edition Number 20
245 00 - TITLE STATEMENT
Title Women's studies international :
Remainder of title Nairobi and beyond /
Statement of responsibility, etc. edited by Aruna Rao.
260 ## - PUBLICATION, DISTRIBUTION, ETC.
Place of publication, distribution, etc. New York :
Name of publisher, distributor, etc. Feminist Press at the City University of New York :
-- Distributed by Talman,
Date of publication, distribution, etc. 1991.
300 ## - PHYSICAL DESCRIPTION
Extent (e.g. Volumes, Pages etc.) xii, 349 p. ;
650 #0 - SUBJECT ADDED ENTRY--TOPICAL TERM
Topical term or geographic name entry element Women's studies.
650 #0 - SUBJECT ADDED ENTRY--TOPICAL TERM
Topical term or geographic name entry element Women in development.
650 #0 - SUBJECT ADDED ENTRY--TOPICAL TERM
Topical term or geographic name entry element Women's studies
700 1# - ADDED ENTRY--PERSONAL NAME
Personal name Rao, Aruna
Relator term (Role) Editor
942 ## - Koha item type (Biblio)
Koha item type Books in Stacks (Lending)
Holdings
Lost status Damaged status Collection code Home library Current library Date acquired Full call number Accession Number Item type
    Lending WERC Library WERC Library 11/23/2023 305.4/07 3410 Books in Stacks (Lending)

© WERC Library